000 00215nam a22000857a 4500
008 170201b xxu||||| |||| 00| 0 eng d
100 _92729
_aAroras
245 _aClassic Tales for Children
260 _aNew delhi
_bAPC
_c2012
999 _c5896
_d5896